<?xml version="1.0" encoding="UTF-8"?>
<marc:record xmlns:marc="http://www.loc.gov/MARC21/slim">
   <marc:leader>00000nam a2200000 a 4500</marc:leader>
   <marc:datafield ind1="1" ind2=" " tag="100">
      <marc:subfield code="a">Wagner, Anja</marc:subfield>
      <marc:subfield code="4">aut</marc:subfield>
      <marc:subfield code="e">Verfasser/-in</marc:subfield>
   </marc:datafield>
   <marc:datafield ind1="0" ind2="0" tag="245">
      <marc:subfield code="a">Der Robin-Hood-Klub</marc:subfield>
   </marc:datafield>
   <marc:datafield ind1="0" ind2="0" tag="245">
      <marc:subfield code="c">Anja Wagner</marc:subfield>
   </marc:datafield>
   <marc:datafield ind1=" " ind2="1" tag="264">
      <marc:subfield code="a">Stuttgart</marc:subfield>
      <marc:subfield code="b">Planet Girl</marc:subfield>
      <marc:subfield code="c">2012</marc:subfield>
   </marc:datafield>
   <marc:datafield ind1="1" ind2=" " tag="520">
      <marc:subfield code="a">Angaben aus der Verlagsmeldung

Der Robin-Hood-Klub : 4 Freundinnen für 1 Kaninchen / von Anja J. Wagner

Ein Kaninchen, gefangen in einer heimtückischen Falle! Klar, dass Pia und ihre Freundinnen vom Robin-Hood-Klub sofort helfen wollen. Schließlich haben sie ihre geheime Bande gegründet, um sich für andere einzusetzen. Zum Glück schaffen sie es mit ihrem verletzten Schützling rechtzeitig zum Tierarzt. Doch was, wenn weitere Tiere in Gefahr sind? Gemeinsam begeben sich die vier Freundinnen im Wald auf Spurensuche ...

Die zweite Mission mit Herz für die Mädchen vom Robin-Hood-Klub.
</marc:subfield>
   </marc:datafield>
   <marc:datafield ind1=" " ind2=" " tag="020">
      <marc:subfield code="a">9783522502719</marc:subfield>
      <marc:subfield code="9">9783522502719</marc:subfield>
   </marc:datafield>
   <marc:datafield ind1=" " ind2=" " tag="020">
      <marc:subfield code="a">352250271X</marc:subfield>
      <marc:subfield code="9">352250271X</marc:subfield>
   </marc:datafield>
   <marc:datafield ind1=" " ind2=" " tag="041">
      <marc:subfield code="a">ger</marc:subfield>
   </marc:datafield>
   <marc:datafield ind1=" " ind2=" " tag="300">
      <marc:subfield code="a">141 S.</marc:subfield>
   </marc:datafield>
</marc:record>
